000 00589nam a2200241Ia 4500
003 OSt
005 20220924144457.0
006 a|||||r|||| 00| 0
007 ta
008 220923b |||||||| |||| 00| 0 urd d
020 _c04.50
024 _a314726
037 _cTextual
040 _aARTS
_cARTS
_burd
041 _2urd
_aurd
082 _aO168,1N323,1, L2
100 _aLahori Aaqil
_9217677
245 0 _aKhoon-e-jigar
260 _c1972
650 _aURDU POETRY
942 _hO168,1N323,1, L2
_cTEXL
_2CC
999 _c457159
_d457159